[Event "II Weekend"]
[Site "Recco ITA"]
[Date "2008.11.28"]
[Round "1"]
[White "Valentini, Cesare"]
[Black "Brun, Dario"]
[Result "0-1"]
[WhiteElo "1842"]
[BlackElo "2269"]
[PlyCount "82"]
[EventDate "2008.11.28"]

1. d4 d5 2. Nf3 Nf6 3. Bf4 c5 4. e3 Nc6 5. c3 Qb6 6. Qc2 cxd4 7. exd4 Bf5 8.
Qb3 Nd7 9. Nbd2 e6 10. Be2 Be7 11. O-O O-O 12. Qxb6 Nxb6 13. Rfe1 Na4 14. Ne5
Nxe5 15. Bxe5 Nxb2 16. Bf1 Rfc8 17. Re3 Na4 18. Bb5 Nxc3 19. Bd7 Rd8 20. Bxe6
Bxe6 21. Rxc3 Bb4 22. Rg3 Bxd2 23. Rxg7+ Kf8 24. Rxh7 Ke7 25. h4 Bf5 26. Rg7
Bg6 27. f4 Rdc8 28. Rf1 Be4 29. f5 Bh6 30. f6+ Ke6 31. Rg3 Rc2 32. Rf2 Rac8 33.
a3 R2c3 34. Rxc3 Rxc3 35. Ra2 Rc2 36. Rxc2 Bxc2 37. g4 Bc1 38. Kg2 Bxa3 39. g5
Bd6 40. Bxd6 Kxd6 41. Kg3 a5 0-1

[Event "II Weekend"]
[Site "Recco ITA"]
[Date "2008.11.29"]
[Round "2"]
[White "Altieri, Danilo Mario"]
[Black "Pieri, Enzo"]
[Result "1-0"]
[WhiteElo "1984"]
[BlackElo "1846"]
[PlyCount "61"]
[EventDate "2008.11.28"]

1. d4 d5 2. c4 c6 3. Nc3 Nf6 4. e3 Bf5 5. Qb3 Qc8 6. cxd5 cxd5 7. Nxd5 Nxd5 8.
Qxd5 a6 9. Qc4 Nc6 10. Nf3 e6 11. Bd2 Qd7 12. Rc1 Be4 13. Be2 Bd6 14. a3 h6 15.
O-O O-O 16. Bc3 Rac8 17. Qb3 Qe7 18. Nd2 Bg6 19. Bf3 Bd3 20. Rfe1 b5 21. d5
exd5 22. Qxd5 Rfd8 23. Qh5 Ne5 24. Be4 Bxe4 25. Nxe4 Nd3 26. Qg4 f5 27. Qxf5
Rxc3 28. Nxc3 Nxe1 29. Rxe1 Rf8 30. Qd5+ Kh8 31. g3 1-0

[Event "II Weekend"]
[Site "Recco ITA"]
[Date "2008.11.29"]
[Round "2"]
[White "Astengo, Marcello"]
[Black "Saffioti, Massimo"]
[Result "1-0"]
[WhiteElo "2100"]
[BlackElo "1868"]
[PlyCount "49"]
[EventDate "2008.11.28"]

1. d4 d5 2. c4 e6 3. Nc3 dxc4 4. e3 a6 5. Bxc4 c5 6. Nf3 Nf6 7. O-O b5 8. Bb3
Bb7 9. Qe2 cxd4 10. exd4 Nd5 11. Re1 Be7 12. Ne5 O-O 13. Nxf7 Rxf7 14. Qxe6 Qb6
15. Nxd5 Qxe6 16. Rxe6 Kf8 17. Bd2 Nc6 18. Nxe7 Nxd4 19. Rb6 Rxe7 20. Bb4 Rb8
21. Re1 Nf5 22. g4 a5 23. Bxe7+ Nxe7 24. Rxe7 Kxe7 25. Bd5 1-0

[Event "II Weekend"]
[Site "Recco ITA"]
[Date "2008.11.29"]
[Round "2"]
[White "Bozzo, Alberto"]
[Black "Corso, Giorgio"]
[Result "1-0"]
[WhiteElo "1686"]
[BlackElo "1472"]
[PlyCount "115"]
[EventDate "2008.11.28"]

1. d4 Nf6 2. Nf3 d5 3. e3 Bg4 4. Bd3 Nbd7 5. Nbd2 e6 6. O-O Bd6 7. Re1 O-O 8.
c3 e5 9. e4 dxe4 10. Nxe4 exd4 11. Nxd6 cxd6 12. cxd4 Re8 13. Be3 d5 14. h3 Bh5
15. g4 Bg6 16. Bxg6 fxg6 17. Qb3 Qb6 18. Qxb6 Nxb6 19. Ne5 Rac8 20. Rac1 Nbd7
21. Nxd7 Nxd7 22. Bf4 Rxc1 23. Rxc1 Nb6 24. Rc7 Re2 25. Rxb7 Rxb2 26. Rxa7 Nc4
27. a4 Ra2 28. Bc7 h6 29. a5 Nd2 30. Kg2 Ne4 31. Bg3 Nxg3 32. Kxg3 Ra4 33. a6
g5 34. Rd7 Ra3+ 35. Kg2 Ra5 36. a7 Kh7 37. Kg3 Ra3+ 38. f3 Ra5 39. h4 Kg6 40.
hxg5 hxg5 41. Rd6+ Kh7 42. Rxd5 Rxa7 43. Rxg5 Rd7 44. d5 Kg8 45. Kf4 Kf8 46.
Ke5 Re7+ 47. Kd6 Re8 48. Re5 Rxe5 49. Kxe5 Ke7 50. d6+ Kf8 51. f4 g6 52. Kd5 g5
53. fxg5 Ke8 54. g6 Kd8 55. g7 Kd7 56. g5 Kc8 57. g8=Q+ Kb7 58. d7 1-0

[Event "II Weekend"]
[Site "Recco ITA"]
[Date "2008.11.29"]
[Round "2"]
[White "Cavatorta, Ivan"]
[Black "Spinetta, Gianni"]
[Result "1/2-1/2"]
[WhiteElo "1868"]
[BlackElo "1565"]
[PlyCount "50"]
[EventDate "2008.11.28"]

1. e4 e5 2. Nf3 Nc6 3. d4 exd4 4. Nxd4 Bc5 5. Be3 Qf6 6. c3 Nge7 7. Nc2 Bxe3 8.
Nxe3 d6 9. Nd2 O-O 10. Qf3 Qg6 11. Be2 Ne5 12. Qg3 Be6 13. Qxg6 N7xg6 14. g3
Ne7 15. O-O f5 16. f4 Nd7 17. exf5 Nxf5 18. Nxf5 Bxf5 19. Bf3 Rab8 20. Bd5+ Kh8
21. Rfe1 Nf6 22. Be6 Bxe6 23. Rxe6 Rbe8 24. Rae1 Kg8 25. Rxe8 Rxe8 1/2-1/2

[Event "II Weekend"]
[Site "Recco ITA"]
[Date "2008.11.29"]
[Round "2"]
[White "Coqueraut, Jean Dominique"]
[Black "Gromovs, Sergejs"]
[Result "1/2-1/2"]
[WhiteElo "1892"]
[BlackElo "2368"]
[PlyCount "270"]
[EventDate "2008.11.28"]

1. d4 g6 2. c4 Bg7 3. Nc3 c5 4. e3 Nf6 5. Nf3 O-O 6. Bd3 d6 7. O-O Nbd7 8. d5
a6 9. a3 Ng4 10. Qc2 Rb8 11. Rb1 Nde5 12. Nxe5 Nxe5 13. Be2 e6 14. f4 Nd7 15.
b4 cxb4 16. axb4 a5 17. dxe6 fxe6 18. Ne4 axb4 19. Nxd6 b3 20. Qxb3 Nc5 21. Qb6
Qxb6 22. Rxb6 e5 23. Nxc8 Rbxc8 24. Ba3 exf4 25. Bxc5 Rxc5 26. Rxb7 fxe3 27.
Rxf8+ Bxf8 28. Bf3 Ra5 29. Bd5+ Kh8 30. Rf7 Bc5 31. Kf1 Ra2 32. Rb7 Bd4 33. Rb3
Rc2 34. Rb8+ Kg7 35. Re8 Rf2+ 36. Ke1 Bc3+ 37. Kd1 Rd2+ 38. Kc1 e2 39. Bf3 Rd1+
40. Kc2 e1=Q 41. Rxe1 Rxe1 42. Kxc3 Kf6 43. Kd4 Ke6 44. Kc5 Kd7 45. Kb6 Rb1+
46. Kc5 Kc7 47. Kd5 Re1 48. Kc5 Re5+ 49. Kd4 Re7 50. Kc5 Re5+ 51. Kd4 Ra5 52.
c5 g5 53. h3 Ra4+ 54. Ke5 Rc4 55. Kd5 Rf4 56. Ke5 h6 57. Kd5 Rh4 58. Ke5 Rc4
59. Kd5 Rc2 60. Kd4 h5 61. Bxh5 Rxg2 62. Bg4 Rd2+ 63. Kc4 Kc6 64. Bf3+ Kd7 65.
Bg4+ Ke7 66. Kb5 Kd8 67. Kc6 Rd3 68. Kb7 Ra3 69. Kc6 Ra6+ 70. Kd5 Kc7 71. Kc4
Ra4+ 72. Kb5 Rf4 73. Be6 Rf1 74. Bg4 Rf2 75. Be6 Rb2+ 76. Kc4 Kc6 77. Bd5+ Kd7
78. Bf3 Ke6 79. Bg4+ Ke5 80. c6 Rc2+ 81. Kb5 Kd6 82. Bd7 Rc3 83. Kb4 Rc5 84.
Kb3 Kd5 85. Kb4 Rc4+ 86. Kb5 Rc3 87. Kb6 Kd6 88. Kb5 Rc1 89. Kb4 Kd5 90. Kb3
Kd4 91. Kb2 Rc3 92. Kb1 Kd3 93. Kb2 Kd2 94. Kb1 Rc2 95. Be8 Rc5 96. Kb2 Rb5+
97. Ka3 Kc3 98. Ka4 Re5 99. Bd7 Rc5 100. Be8 Kc4 101. Bd7 Kd5 102. Kb4 Rc1 103.
Kb3 Kd4 104. Kb2 Rc3 105. Kb1 Ke3 106. Kb2 Kd2 107. Kb1 Rc2 108. Be8 Kc3 109.
Bd7 Rb2+ 110. Kc1 Rc2+ 111. Kd1 Kb2 112. Be8 Rc5 113. Bd7 Kc3 114. Ke2 Kd4 115.
Kd2 Ke4 116. Ke2 Rc2+ 117. Kd1 Rc3 118. Ke2 Rc5 119. Kd2 Kd5 120. Kd3 Ke5 121.
Ke3 Rc3+ 122. Kd2 Kd4 123. Ke2 Kd5 124. Kd2 Rc5 125. Kd3 Kd6 126. Kd4 Rc1 127.
Ke4 Rf1 128. Ke3 Rf4 129. Kd3 Rf7 130. Kd4 g4 131. hxg4 Re7 132. Kd3 Re5 133.
Kd4 Rg5 134. Ke4 Rxg4+ 135. Bxg4 Kxc6 1/2-1/2

[Event "II Weekend"]
[Site "Recco ITA"]
[Date "2008.11.29"]
[Round "2"]
[White "Manfredi, Vincenzo"]
[Black "Militello, Michele"]
[Result "1-0"]
[WhiteElo "2206"]
[BlackElo "1902"]
[PlyCount "97"]
[EventDate "2008.11.28"]

1. d4 d5 2. c4 e6 3. Nc3 Nf6 4. cxd5 exd5 5. Bg5 Be7 6. e3 O-O 7. Bd3 Nbd7 8.
Nf3 c6 9. Qc2 Re8 10. O-O Nf8 11. Bxf6 Bxf6 12. b4 a6 13. a4 Bg4 14. Nd2 g6 15.
Rab1 Bg7 16. b5 cxb5 17. axb5 a5 18. b6 Qg5 19. Rfc1 Rec8 20. Qa2 Bh3 21. Bf1
Be6 22. g3 Qd8 23. Bg2 Rc6 24. Na4 Rxc1+ 25. Rxc1 Nd7 26. Rb1 Bf8 27. Bxd5 Nf6
28. Bxe6 fxe6 29. Qxe6+ Kg7 30. Rc1 Bd6 31. Ne4 Nxe4 32. Qxe4 Rb8 33. Qe6 h5
34. h4 Qf8 35. Kg2 Kh6 36. e4 Re8 37. Qd5 Qe7 38. e5 Bb8 39. Nc5 Rd8 40. Qe4
Rc8 41. Nd3 Rf8 42. d5 Qa3 43. Nf4 Rf5 44. Rc7 Qb2 45. d6 Qxb6 46. Rxb7 Qd8 47.
Ne6 Qe8 48. Qe3+ g5 49. hxg5+ 1-0

[Event "II Weekend"]
[Site "Recco ITA"]
[Date "2008.11.29"]
[Round "2"]
[White "Neuhold, Piero"]
[Black "Gandolfi, Gianfranco"]
[Result "1/2-1/2"]
[WhiteElo "1500"]
[BlackElo "1837"]
[PlyCount "82"]
[EventDate "2008.11.28"]

1. d4 Nf6 2. c4 e6 3. Nc3 c5 4. e3 d5 5. Nf3 Nc6 6. Be2 Be7 7. O-O O-O 8. dxc5
dxc4 9. Bxc4 Bxc5 10. a3 Qxd1 11. Rxd1 Bd7 12. b4 Be7 13. Bb2 Rfd8 14. Bd3 Rac8
15. Ne4 Nxe4 16. Bxe4 a6 17. Ne5 Nxe5 18. Bxe5 Bc6 19. Rxd8+ Bxd8 20. Bxc6 Rxc6
21. Rd1 Be7 22. Kf1 f6 23. Rd7 Kf8 24. Bd4 b5 25. Ra7 e5 26. Bc5 Bxc5 27. bxc5
Rxc5 28. Rxa6 Kf7 29. Ke2 e4 30. Kd2 Rf5 31. Ke2 g5 32. Ra5 Kg6 33. a4 bxa4 34.
Rxa4 Rb5 35. Rxe4 h5 36. Rd4 g4 37. g3 Rb1 38. Rd1 Rb2+ 39. Rd2 Rb1 40. Rd1
Rb2+ 41. Rd2 Rb1 1/2-1/2

[Event "II Weekend"]
[Site "Recco ITA"]
[Date "2008.11.29"]
[Round "2"]
[White "Pedini, Dario"]
[Black "Schiappacasse, Marcello"]
[Result "1/2-1/2"]
[WhiteElo "2123"]
[BlackElo "1890"]
[PlyCount "114"]
[EventDate "2008.11.28"]

1. g3 e6 2. Bg2 c5 3. Nf3 Nc6 4. O-O g6 5. d4 cxd4 6. Nxd4 Bg7 7. Nb5 Nge7 8.
Nd6+ Kf8 9. e4 Qc7 10. Nc3 a6 11. Bf4 e5 12. Bg5 f6 13. Be3 Nd4 14. Nxc8 Rxc8
15. f4 d6 16. Bh3 Rd8 17. Bxd4 exd4 18. Qxd4 f5 19. Qe3 Bxc3 20. bxc3 Re8 21.
Qd4 Qc5 22. exf5 Nxf5 23. Bxf5 gxf5 24. Rad1 Kf7 25. Rf2 Qxd4 26. Rxd4 Re6 27.
Rd5 Re1+ 28. Kg2 Ke6 29. c4 Rc8 30. Rd4 Re4 31. Rfd2 Rc6 32. Kf3 Rxd4 33. Rxd4
h5 34. h3 b5 35. cxb5 axb5 36. Rd2 Rc3+ 37. Kf2 b4 38. Re2+ Kd7 39. Kg2 Ra3 40.
Rf2 Rxa2 41. g4 hxg4 42. hxg4 fxg4 43. Kg3 d5 44. f5 Ke8 45. Rf4 Rxc2 46. Rxb4
Rc4 47. Rb5 Rd4 48. Rb7 Re4 49. Rb5 d4 50. Rd5 Kf7 51. Rd6 Ke7 52. Rd5 Kf6 53.
Kh4 Rf4 54. Kg3 Rxf5 55. Rxd4 Rg5 56. Ra4 Rg8 57. Ra5 Kf7 1/2-1/2

[Event "II Weekend"]
[Site "Recco ITA"]
[Date "2008.11.29"]
[Round "2"]
[White "Pezzolo, Maurizio"]
[Black "Cardona, Paolo"]
[Result "0-1"]
[WhiteElo "1565"]
[BlackElo "1880"]
[PlyCount "139"]
[EventDate "2008.11.28"]

1. d4 d5 2. Bf4 c6 3. Nd2 Nf6 4. Ngf3 Bf5 5. c3 e6 6. Qb3 b6 7. Ne5 Be7 8. Ndf3
O-O 9. e3 b5 10. h3 Ne4 11. Rd1 f6 12. Nd3 Nd7 13. Nb4 Qb6 14. Nh4 g5 15. Nxf5
exf5 16. Bh2 Kh8 17. Bd3 a5 18. f3 axb4 19. fxe4 fxe4 20. Be2 bxc3 21. bxc3 Qa5
22. Ra1 Nb6 23. O-O Na4 24. Rfc1 Qd8 25. Rf1 Bd6 26. Bg4 Bxh2+ 27. Kxh2 Qd6+
28. Kh1 Nb6 29. Qc2 Nc4 30. Qf2 Ra3 31. Rac1 Kg7 32. Bd1 Rfa8 33. Bb3 R3a7 34.
Bxc4 dxc4 35. Rc2 Rf7 36. Qf5 Qd5 37. Qg4 Kg6 38. h4 h5 39. Qg3 g4 40. Qf4 Qe6
41. Rcf2 Ra3 42. Rc2 Rfa7 43. Ra1 Rf7 44. Rf1 Rd7 45. Rcf2 Rf7 46. Rc2 Ra8 47.
Rcf2 Rd8 48. Qf5+ Qxf5 49. Rxf5 Ra8 50. R1f2 Ra3 51. Rc5 Rxc3 52. Rxc6 Rxe3 53.
Rc5 g3 54. Rf1 Rd3 55. Rxb5 e3 56. Rb2 Rxd4 57. Re2 Rfd7 58. Kg1 Rxh4 59. Rxe3
Rg4 60. Re6 Rf7 61. Rf3 Kg5 62. a4 h4 63. a5 Rd4 64. Kf1 Rd1+ 65. Ke2 Ra1 66.
a6 Ra2+ 67. Kf1 Rd7 68. Rfe3 Rf2+ 69. Kg1 c3 70. Re2 0-1

[Event "II Weekend"]
[Site "Recco ITA"]
[Date "2008.11.29"]
[Round "2"]
[White "Roversi, Stefano"]
[Black "Ljubisavljevic, Zivojin Z."]
[Result "0-1"]
[WhiteElo "1839"]
[BlackElo "2248"]
[PlyCount "63"]
[EventDate "2008.11.28"]

1. e4 c6 2. d4 d5 3. Nc3 dxe4 4. Nxe4 Nf6 5. Ng3 g6 6. Nf3 Bg7 7. Bd3 Bg4 8. c3
Nbd7 9. h3 Bxf3 10. Qxf3 e5 11. O-O O-O 12. Bg5 exd4 13. cxd4 Qb6 14. Ne2 h6
15. Bf4 Nd5 16. Bd6 Rfe8 17. Qg4 Re6 18. Ba3 N7f6 19. Qh4 Rae8 20. Nc3 g5 21.
Nxd5 cxd5 22. Qg3 Qxd4 23. Rfd1 Qe5 24. Qf3 Ne4 25. Rac1 a6 26. Bxe4 dxe4 27.
Qe3 Qf4 28. Rd7 b5 29. Rcc7 Be5 30. Qxf4 gxf4 31. Rxf7 Bxc7 32. Rxc7 0-1

[Event "II Weekend"]
[Site "Recco ITA"]
[Date "2008.11.29"]
[Round "2"]
[White "Sabba, Giorgio"]
[Black "Lettich, Sergio"]
[Result "1/2-1/2"]
[WhiteElo "1918"]
[BlackElo "2032"]
[PlyCount "53"]
[EventDate "2008.11.28"]

1. e4 c5 2. Nf3 d6 3. d4 cxd4 4. Nxd4 Nf6 5. Nc3 a6 6. Bc4 e6 7. Bb3 Be7 8. Qf3
Qc7 9. Qg3 Nc6 10. Nxc6 Qxc6 11. f3 Bd7 12. Be3 b5 13. O-O O-O 14. Bh6 Ne8 15.
a3 Kh8 16. Be3 Rc8 17. Rad1 a5 18. Rd2 b4 19. axb4 axb4 20. Ne2 Bf6 21. Bf4 e5
22. Bg5 Qb6+ 23. Kh1 Bb5 24. Rfd1 Rd8 25. Bxf6 Nxf6 26. Qe1 Qc5 27. Nc1 1/2-1/2

[Event "II Weekend"]
[Site "Recco ITA"]
[Date "2008.11.29"]
[Round "3"]
[White "Altieri, Danilo Mario"]
[Black "Manfredi, Vincenzo"]
[Result "0-1"]
[WhiteElo "1984"]
[BlackElo "2206"]
[PlyCount "88"]
[EventDate "2008.11.28"]

1. d4 Nf6 2. c4 g6 3. Nc3 Bg7 4. e4 O-O 5. f3 c5 6. d5 d6 7. Bd3 e6 8. Nge2
exd5 9. exd5 Na6 10. a3 Nc7 11. O-O Rb8 12. Qc2 b5 13. Bg5 bxc4 14. Bxc4 h6 15.
Bh4 Bf5 16. Qd2 g5 17. Bf2 Bg6 18. g4 Nd7 19. Bg3 Ne5 20. Bxe5 Bxe5 21. Bd3
Rxb2 22. Qxb2 Bxd3 23. Rac1 Nxd5 24. Qd2 Nf4 25. Rfe1 c4 26. Qe3 Qa8 27. Rcd1
f5 28. gxf5 Nxe2+ 29. Nxe2 Rxf5 30. Rf1 Qd5 31. Kg2 Qf7 32. Rf2 Qb7 33. Ng3 Rf4
34. Ne2 Rh4 35. Ng3 Qd7 36. Re1 Kf7 37. f4 gxf4 38. Ne2 Qg4+ 39. Qg3 Bxe2 40.
Rexe2 Rxh2+ 41. Kxh2 Qxg3+ 42. Kh1 h5 43. Rg2 Qh3+ 44. Rh2 Qf1# 0-1

[Event "II Weekend"]
[Site "Recco ITA"]
[Date "2008.11.29"]
[Round "3"]
[White "Caputi, Giuliano"]
[Black "Vicentini, Andrea"]
[Result "1/2-1/2"]
[WhiteElo "1963"]
[BlackElo "1771"]
[PlyCount "66"]
[EventDate "2008.11.28"]

1. e4 e6 2. d4 d5 3. exd5 exd5 4. Bd3 Bd6 5. Nf3 Ne7 6. Nbd2 O-O 7. Nf1 Bf5 8.
Ne3 Bxd3 9. Qxd3 c6 10. O-O Nd7 11. Ng4 Ng6 12. Re1 Qc7 13. g3 f5 14. Ne3 f4
15. Nf5 fxg3 16. fxg3 Rae8 17. Bd2 Nf6 18. Ng5 Qd7 19. Nxd6 Qxd6 20. a3 b6 21.
c4 Ng4 22. Rxe8 Rxe8 23. Rf1 dxc4 24. Qxc4+ Qd5 25. Qxd5+ cxd5 26. h3 Re2 27.
Bc3 Nf6 28. Rf5 h6 29. Nf3 Ne4 30. Be1 Rxb2 31. Rxd5 Rb1 32. Kg2 Rb2+ 33. Kf1
Rb3 1/2-1/2

[Event "II Weekend"]
[Site "Recco ITA"]
[Date "2008.11.29"]
[Round "3"]
[White "Cardona, Paolo"]
[Black "Pieri, Enzo"]
[Result "1-0"]
[WhiteElo "1880"]
[BlackElo "1846"]
[PlyCount "87"]
[EventDate "2008.11.28"]

1. e4 d6 2. g3 e5 3. Bg2 Nf6 4. Ne2 Be6 5. d3 Be7 6. c4 c5 7. Nbc3 Nc6 8. h3
Qd7 9. Be3 a6 10. Nd5 Bd8 11. f4 Bxd5 12. cxd5 Nd4 13. fxe5 dxe5 14. Nxd4 cxd4
15. Bd2 O-O 16. O-O Qb5 17. Qb3 Qxb3 18. axb3 a5 19. b4 a4 20. h4 Be7 21. Bh3
h5 22. Ra3 b5 23. Rfa1 Ng4 24. Bxg4 hxg4 25. b3 f5 26. bxa4 bxa4 27. Rxa4 Rab8
28. Rf1 fxe4 29. Rxf8+ Kxf8 30. dxe4 Ke8 31. Kf1 Rb7 32. Ke2 Kd7 33. Kd3 Kc7
34. Kc4 Kb6 35. Ra8 Rc7+ 36. Kb3 Kb7 37. Rg8 Bf6 38. Re8 Be7 39. h5 Kb6 40. Rh8
d3 41. Bc3 Bg5 42. Re8 Be3 43. d6 Rd7 44. Bxe5 1-0

[Event "II Weekend"]
[Site "Recco ITA"]
[Date "2008.11.29"]
[Round "3"]
[White "Gandolfi, Gianfranco"]
[Black "Sabba, Giorgio"]
[Result "1-0"]
[WhiteElo "1837"]
[BlackElo "1918"]
[PlyCount "97"]
[EventDate "2008.11.28"]

1. e4 e6 2. d4 d5 3. Nc3 Bb4 4. e5 c5 5. Bd2 Ne7 6. Nb5 Bxd2+ 7. Qxd2 O-O 8.
dxc5 Nbc6 9. f4 f6 10. Nf3 fxe5 11. fxe5 Ng6 12. Bd3 Ngxe5 13. Nxe5 Nxe5 14.
O-O-O Nxd3+ 15. cxd3 Bd7 16. Nd6 b6 17. d4 bxc5 18. dxc5 Rb8 19. Rhf1 Qc7 20.
Rxf8+ Rxf8 21. Qd4 Bc6 22. b4 a6 23. Rd2 Qe7 24. Qe5 Qf6 25. Qxf6 Rxf6 26. g3
e5 27. a4 Bxa4 28. Rxd5 Re6 29. Ne4 Bb5 30. Rd8+ Re8 31. Rxe8+ Bxe8 32. Ng5 Bd7
33. Kd2 h6 34. Nf3 e4 35. Nd4 Kf7 36. Ke3 Ke7 37. Kxe4 Bh3 38. Ke5 Kd7 39. c6+
Kc7 40. Kd5 Bg2+ 41. Kc5 Bh3 42. b5 axb5 43. Nxb5+ Kb8 44. Kd6 g6 45. Nd4 Kc8
46. c7 Bg2 47. Nc6 Bxc6 48. Kxc6 h5 49. h4 1-0

[Event "II Weekend"]
[Site "Recco ITA"]
[Date "2008.11.29"]
[Round "3"]
[White "Gioseffi, Massimiliano"]
[Black "Rivara, Massimo"]
[Result "1-0"]
[WhiteElo "2109"]
[BlackElo "1845"]
[PlyCount "103"]
[EventDate "2008.11.28"]

1. d4 Nf6 2. c4 e6 3. Nf3 b6 4. a3 Be7 5. Nc3 Bb7 6. Qc2 d6 7. e4 c5 8. d5 e5
9. Be2 Nbd7 10. h3 O-O 11. Be3 g6 12. Bh6 Re8 13. g4 a6 14. a4 Bf8 15. Bg5 Be7
16. Qd2 Kg7 17. Bd3 Rh8 18. Bh6+ Kg8 19. Ke2 Bf8 20. Bg5 Be7 21. Rhg1 h5 22.
Rg2 Kg7 23. Rag1 Bc8 24. Be3 Nf8 25. Nh2 hxg4 26. hxg4 Rh3 27. f3 N8d7 28. Nf1
Qh8 29. Ng3 Kf8 30. Kd1 Ke8 31. Kc2 Kd8 32. Bf1 Nb8 33. Re2 Rh7 34. Rgg2 Bd7
35. Ref2 a5 36. Be2 Na6 37. g5 Ne8 38. Bd1 Kc7 39. Rh2 Nb4+ 40. Kb1 Kb7 41. f4
exf4 42. Bxf4 Nc7 43. Rxh7 Qxh7 44. e5 dxe5 45. Bxe5 Rd8 46. d6 Bf8 47. Rh2 Bh3
48. Bf3+ Ka7 49. Qf4 Ne6 50. Qe4 f5 51. Nb5+ Ka6 52. Nc7+ 1-0

[Event "II Weekend"]
[Site "Recco ITA"]
[Date "2008.11.29"]
[Round "3"]
[White "Gromovs, Sergejs"]
[Black "Bozzo, Alberto"]
[Result "1/2-1/2"]
[WhiteElo "2368"]
[BlackElo "1686"]
[PlyCount "118"]
[EventDate "2008.11.28"]

1. d4 Nf6 2. Bg5 e6 3. c4 Be7 4. Nc3 d5 5. e3 Nbd7 6. Nf3 O-O 7. Qc2 c5 8. dxc5
Bxc5 9. cxd5 exd5 10. Nxd5 Qa5+ 11. Qc3 Qxc3+ 12. Nxc3 Bb4 13. Nd2 a6 14. Rc1
b5 15. a3 Ba5 16. Nb3 Bb6 17. Be2 Bb7 18. Bf3 Bxf3 19. gxf3 Rfe8 20. Ke2 Rac8
21. Rhd1 h6 22. Bxf6 Nxf6 23. Rd6 Re6 24. Rxe6 fxe6 25. Rd1 Kf7 26. Rd6 Rb8 27.
Ne4 Ke7 28. Rc6 Nxe4 29. fxe4 Kd7 30. Rc1 Rc8 31. Rxc8 Kxc8 32. f4 Kd7 33. Nd4
Kd6 34. Kd3 Bd8 35. e5+ Kd7 36. e4 g6 37. f5 gxf5 38. exf5 exf5 39. Nxf5 Bg5
40. b3 Bf4 41. Ke4 Bxh2 42. Nxh6 Ke6 43. Ng4 Bg3 44. Kd4 Kf5 45. Nh6+ Ke6 46.
Ng4 Kf5 47. Kc5 Kxg4 48. e6 Bh4 49. Kb6 Kf5 50. Kxa6 Kxe6 51. Kxb5 Kd7 52. Ka6
Kc7 53. b4 Be7 54. Ka5 Kb7 55. Kb5 Bg5 56. Kc4 Be3 57. Kd5 Bd2 58. b5 Ba5 59.
Ke4 Be1 1/2-1/2

[Event "II Weekend"]
[Site "Recco ITA"]
[Date "2008.11.29"]
[Round "3"]
[White "Lettich, Sergio"]
[Black "Biancotti, Alessandro"]
[Result "1/2-1/2"]
[WhiteElo "2032"]
[BlackElo "1837"]
[PlyCount "47"]
[EventDate "2008.11.28"]

1. d4 Nf6 2. c4 g6 3. Nc3 d5 4. cxd5 Nxd5 5. e4 Nxc3 6. bxc3 Bg7 7. Bc4 O-O 8.
Ne2 c5 9. O-O Nc6 10. Be3 cxd4 11. cxd4 Na5 12. Bd3 Be6 13. Qa4 Bd7 14. Bb5
Bxb5 15. Qxb5 b6 16. Rac1 Rc8 17. Rfd1 Qe8 18. Qb4 Qd7 19. d5 Rfd8 20. f3 Bf8
21. Qd4 Rxc1 22. Rxc1 Rc8 23. Rxc8 Qxc8 24. Qc3 1/2-1/2

[Event "II Weekend"]
[Site "Recco ITA"]
[Date "2008.11.29"]
[Round "3"]
[White "Ljubisavljevic, Zivojin Z."]
[Black "Astengo, Marcello"]
[Result "1-0"]
[WhiteElo "2248"]
[BlackElo "2100"]
[PlyCount "53"]
[EventDate "2008.11.28"]

1. e4 e6 2. d4 d5 3. Nc3 Nf6 4. Bg5 Bb4 5. Bxf6 Qxf6 6. e5 Qg6 7. Nf3 c5 8. a3
Ba5 9. Bb5+ Bd7 10. O-O cxd4 11. Bd3 Qh5 12. Nb5 O-O 13. Nbxd4 Nc6 14. Nxc6
bxc6 15. b4 Bc7 16. Re1 a5 17. Qe2 Rfb8 18. Qe3 axb4 19. axb4 f5 20. Ra7 Rc8
21. Ba6 Qe8 22. Bxc8 Qxc8 23. Rxa8 Qxa8 24. Qc3 Qb7 25. Qc5 Bb6 26. Qe7 Bc8 27.
Qe8# 1-0

[Event "II Weekend"]
[Site "Recco ITA"]
[Date "2008.11.29"]
[Round "3"]
[White "Saffioti, Massimo"]
[Black "Pedemonte, Claudio"]
[Result "0-1"]
[WhiteElo "1868"]
[BlackElo "1832"]
[PlyCount "92"]
[EventDate "2008.11.28"]

1. c4 e5 2. Nc3 d6 3. g3 f5 4. d3 Nf6 5. Bg2 Be7 6. Nf3 Nc6 7. Rb1 O-O 8. Nd5
Nxd5 9. cxd5 Nb4 10. Qb3 a5 11. Bd2 Bf6 12. a3 Na6 13. Qc4 e4 14. Nd4 exd3 15.
Ne6 Qe8 16. e3 Rf7 17. Qxd3 g6 18. Bxa5 Bxe6 19. dxe6 Re7 20. Bc3 Nc5 21. Qc4
Ra4 22. Bb4 c6 23. b3 b5 24. Qc2 Ra6 25. Bxc5 dxc5 26. Qxc5 Kg7 27. O-O Rxe6
28. Rfd1 Be7 29. Qc3+ Bf6 30. Qc1 Ra7 31. b4 Rae7 32. Rb3 g5 33. Rbd3 f4 34.
Rd8 Qh5 35. gxf4 gxf4 36. R8d7 fxe3 37. Rxe7+ Rxe7 38. fxe3 Qh4 39. Qxc6 Be5
40. Qd5 Qxh2+ 41. Kf1 Qg3 42. Rd4 Rf7+ 43. Rf4 Bxf4 44. exf4 Rxf4+ 45. Kg1 Qf2+
46. Kh1 Rh4+ 0-1

[Event "II Weekend"]
[Site "Recco ITA"]
[Date "2008.11.29"]
[Round "3"]
[White "Sbarra, Marco"]
[Black "Brun, Dario"]
[Result "0-1"]
[WhiteElo "2204"]
[BlackElo "2269"]
[PlyCount "113"]
[EventDate "2008.11.28"]

1. d4 d5 2. c4 c6 3. Nc3 dxc4 4. e3 b5 5. a4 b4 6. Na2 e6 7. Bxc4 a5 8. Nf3 Nf6
9. b3 Nbd7 10. Bb2 Bb7 11. O-O Be7 12. Nc1 O-O 13. Ne2 c5 14. Nf4 Nb6 15. Bxe6
fxe6 16. Nxe6 Qb8 17. Nxf8 Qxf8 18. dxc5 Bxc5 19. Rc1 Ne4 20. Nd4 Rd8 21. f3
Nc3 22. Bxc3 bxc3 23. Qd3 Nd5 24. Rfe1 Qd6 25. Kh1 Ba6 26. Nb5 Bxb5 27. axb5
Ba3 28. Rcd1 Rc8 29. b6 Qc6 30. Qxd5+ Qxd5 31. Rxd5 c2 32. b7 c1=Q 33. Red1 Bf8
34. bxc8=Q Qxc8 35. Rxa5 Qc2 36. Rad5 Qxb3 37. R5d3 Qb2 38. R1d2 Qa1+ 39. Rd1
Qb2 40. R1d2 Qe5 41. g3 h6 42. Rb3 Bc5 43. Kg2 Kh7 44. Rdd3 Qa1 45. Kh3 Qf1+
46. Kg4 Be7 47. e4 Kg6 48. Kf4 Qc1+ 49. Ke5 Qc5+ 50. Rd5 Bf6+ 51. Kf4 Qc1+ 52.
Kg4 Qc2 53. Rbb5 Qxh2 54. Ra5 Bc3 55. Ra6+ Kh7 56. Rd3 Be1 57. Rdd6 $138 0-1

[Event "II Weekend"]
[Site "Recco ITA"]
[Date "2008.11.29"]
[Round "3"]
[White "Schiappacasse, Marcello"]
[Black "Coqueraut, Jean Dominique"]
[Result "1/2-1/2"]
[WhiteElo "1890"]
[BlackElo "1892"]
[PlyCount "82"]
[EventDate "2008.11.28"]

1. e4 d6 2. d4 Nf6 3. Nc3 g6 4. Nf3 Bg7 5. h3 O-O 6. Be2 c6 7. a4 a5 8. O-O
Nbd7 9. Be3 Qc7 10. Nd2 e5 11. dxe5 dxe5 12. Nc4 Ne8 13. Qd2 b6 14. Rfd1 Nc5
15. Bxc5 bxc5 16. Qe3 Qe7 17. Rd2 Be6 18. Rad1 Bxc4 19. Bxc4 Ra7 20. Ne2 Rc7
21. b3 Bf6 22. Qc3 Ra7 23. Qf3 Bg5 24. Rd3 Rc7 25. g4 h5 26. Qg3 Kg7 27. f4 Bh4
28. Qf3 exf4 29. Nxf4 Bf6 30. Ne2 Be5 31. Qe3 Nf6 32. Rf1 Nxe4 33. Re1 Nf6 34.
Kh1 Re8 35. Rdd1 Qf8 36. Qf3 Bd6 37. Qc3 Ra7 38. Qf3 Rc7 39. Qc3 Ra7 40. Qf3
Rc7 41. Qc3 Ra7 1/2-1/2

[Event "II Weekend"]
[Site "Recco ITA"]
[Date "2008.11.29"]
[Round "3"]
[White "Spinetta, Gianni"]
[Black "Pedini, Dario"]
[Result "0-1"]
[WhiteElo "1565"]
[BlackElo "2123"]
[PlyCount "82"]
[EventDate "2008.11.28"]

1. d4 d5 2. c4 e6 3. Nf3 c6 4. e3 f5 5. Bd3 Nf6 6. O-O Nbd7 7. c5 b6 8. b4 a5
9. Bd2 axb4 10. Bxb4 bxc5 11. dxc5 Bxc5 12. Bxc5 Nxc5 13. Bc2 Qd6 14. Qd4 O-O
15. Nbd2 Ncd7 16. Qc3 c5 17. Rfd1 Qc7 18. Nd4 Qb6 19. N4f3 c4 20. Ne5 Nxe5 21.
Qxe5 Ng4 22. Qg3 Qb2 23. Rdc1 Rxa2 24. Rxa2 Qxa2 25. f4 Qa3 26. Qe1 Qxe3+ 27.
Qxe3 Nxe3 28. Ba4 Rf7 29. h3 Ra7 30. Re1 d4 31. Bc6 Rc7 32. Bf3 Bd7 33. Rc1 Ba4
34. Kf2 c3 35. Nf1 Nxf1 36. Kxf1 d3 37. Kf2 d2 38. Ra1 c2 39. Rxa4 c1=Q 40.
Ra8+ Kf7 41. Bh5+ g6 0-1